000 00716nam a2200229Ia 4500
005 20221128142333.0
008 131103s9999 xx 000 0 und d
020 _cRs. 600
040 _aLoreto College
041 _aEnglish
082 _a954.14
_b CHA
100 _aChattopadhyaya, Annapurna
245 4 _aThe people and culture of Bengal
_b A study in origins Volume I, Part 1 and 2
_cAnnapurna Chattopadhyaya
260 _aKolkata
_bFirma KLM Private Limited
_c2002
300 _av1( prt 1,2)
504 _aIncludes bibliographical references and index
630 _aBengal - Culture and People
650 _aWest Bengal, India, History
651 _aBengali People
850 _aLCLIB
942 _cBK
999 _c2429
_d52908